<?xml version="1.0" encoding="UTF-8"?><?xml-stylesheet type="text/xsl" href="static/style.xsl"?><OAI-PMH xmlns="http://www.openarchives.org/OAI/2.0/" xmlns:xsi="http://www.w3.org/2001/XMLSchema-instance" xsi:schemaLocation="http://www.openarchives.org/OAI/2.0/ http://www.openarchives.org/OAI/2.0/OAI-PMH.xsd"><responseDate>2026-04-28T19:17:17Z</responseDate><request verb="GetRecord" identifier="oai:uvadoc.uva.es:10324/52409" metadataPrefix="marc">https://uvadoc.uva.es/oai/request</request><GetRecord><record><header><identifier>oai:uvadoc.uva.es:10324/52409</identifier><datestamp>2022-04-05T20:58:12Z</datestamp><setSpec>com_10324_1164</setSpec><setSpec>com_10324_931</setSpec><setSpec>com_10324_894</setSpec><setSpec>col_10324_1330</setSpec></header><metadata><record xmlns="http://www.loc.gov/MARC21/slim" xmlns:doc="http://www.lyncode.com/xoai" xmlns:xsi="http://www.w3.org/2001/XMLSchema-instance" xmlns:dcterms="http://purl.org/dc/terms/" xsi:schemaLocation="http://www.loc.gov/MARC21/slim http://www.loc.gov/standards/marcxml/schema/MARC21slim.xsd">
<leader>00925njm 22002777a 4500</leader>
<datafield tag="042" ind1=" " ind2=" ">
<subfield code="a">dc</subfield>
</datafield>
<datafield tag="720" ind1=" " ind2=" ">
<subfield code="a">Redondo Cardeñoso, Jesús Ángel</subfield>
<subfield code="e">author</subfield>
</datafield>
<datafield tag="260" ind1=" " ind2=" ">
<subfield code="c">2016</subfield>
</datafield>
<datafield tag="520" ind1=" " ind2=" ">
<subfield code="a">En el siguiente texto estudiaremos la conflictividad que protagonizaron las comunidades mapuches de la provincia de Cautín durante el periodo de la reforma agraria en Chile. Para ello, analizaremos, tanto documentación periodística (esencialmente el principal periódico regional, El Diario Austral) como documentación archivística de origen gubernamental. Para contextualizar la investigación, comenzaremos por repasar los antecedentes históricos del conflicto mapuche, y el contexto general de la cuestión agraria y mapuche en Chile durante el periodo a analizar. Posteriormente, nos centraremos en el análisis de los conflictos indígenas en Cautín, los cuales tuvieron como especial expresión de protesta las tomas de fundos. Todo ello nos permitirá ver, en primer lugar, que éstos fueron los conflictos indígenas más importantes y generalizados desde la ocupación militar de la Araucanía; en segundo lugar, que las tomas de fundos consiguieron su principal objetivo, esto es, acelerar el proceso expropiatorio a favor de comunidades mapuches; y, por último, desmentir algunos tópicos sobre las tomas y la participación de los mapuches que han pervivido hasta nuestros días.</subfield>
</datafield>
<datafield tag="024" ind2=" " ind1="8">
<subfield code="a">Historia agraria: Revista de agricultura e historia rural, 2016, n. 70, p. 131-160</subfield>
</datafield>
<datafield tag="024" ind2=" " ind1="8">
<subfield code="a">1139-1472</subfield>
</datafield>
<datafield tag="024" ind2=" " ind1="8">
<subfield code="a">https://uvadoc.uva.es/handle/10324/52409</subfield>
</datafield>
<datafield tag="024" ind2=" " ind1="8">
<subfield code="a">131</subfield>
</datafield>
<datafield tag="024" ind2=" " ind1="8">
<subfield code="a">70</subfield>
</datafield>
<datafield tag="024" ind2=" " ind1="8">
<subfield code="a">160</subfield>
</datafield>
<datafield tag="024" ind2=" " ind1="8">
<subfield code="a">Historia agraria: Revista de agricultura e historia rural</subfield>
</datafield>
<datafield ind1=" " ind2=" " tag="653">
<subfield code="a">Chile - Historia</subfield>
</datafield>
<datafield ind1=" " ind2=" " tag="653">
<subfield code="a">Revueltas campesinas</subfield>
</datafield>
<datafield ind1=" " ind2=" " tag="653">
<subfield code="a">Reforma agraria</subfield>
</datafield>
<datafield ind1=" " ind2=" " tag="653">
<subfield code="a">Indios Mapuche - Chile - Historia</subfield>
</datafield>
<datafield tag="245" ind1="0" ind2="0">
<subfield code="a">El conflicto mapuche en Chile durante el proceso de reforma agraria: el ejemplo de la provincia de Cautín entre 1960 y 1973</subfield>
</datafield>
</record></metadata></record></GetRecord></OAI-PMH>